00458 2200181 4500001002100000008004100021035002000062245003800082100001500120260003700135300002000172020002200192084001400214082000800228650001000236990001500246990001500261INLIS000000000003191 ind  a0010-1225000012 aBandit-Bandit BerkelascTere Liye aLiye, Tere aDepok :bPT Sabak Grip Nusantara a368c13,5x20 cm a978-623-88822-6-7 a813 LIY b a813 aFiksi a19614/B/26 a19615/B/26